| 000 | 00562nam a2200193Ia 4500 | ||
|---|---|---|---|
| 005 | 20250923144448.0 | ||
| 008 | 008 250917s9999 xx 000 0 eng d | ||
| 037 | _aTextual | ||
| 040 |
_aDSWL _beng _cDSWL |
||
| 041 |
_aeng _2eng |
||
| 084 | _qDSWL | ||
| 100 |
_aDavie, Maurice.R _9825144 |
||
| 245 | 0 |
_aIndex to the american sociological review Vol-1936-50 _cby Maurice.R Davie |
|
| 260 |
_aNew York _b American Sociological Society _c1951 |
||
| 300 | _a184p. | ||
| 700 |
_aMilvoy Helen _9825145 |
||
| 942 | _cTEXL | ||
| 999 |
_c1439181 _d1439181 |
||